Sport le plus populaire par pays- Amérique du Sud - Statistiques

Statistiques générales
  • Ce quiz a été pris 8 fois
  • Le résultat moyen est 5 sur 12
Statistiques - réponses
Hint Réponse % Correct
Brésil football ou soccer
100%
Argentine Football ou soccer
43%
Pérou Football ou soccer
43%
Équateur Football ou soccer
43%
Colombie Football ou soccer
43%
Paraguay Football ou soccer
43%
Suriname Football ou soccer
43%
Chili Football ou soccer
43%
Bolivie Football ou soccer
43%
Venezuela baseball
29%
Guyana course
29%
Uruguay basket
14%
Aucun quiz correspondant
Distribution des résultats
% des personnes avec chaque résultat
Percentile par nombre de réponses
Votre historique - résultats
Vous n’avez pas pris ce quiz